Sports Quiz

Random Sports Quiz

Champions League multiple clubs goalscorers Quiz Stats

 Plays Quiz not verified by Sporcle

Challenge
Share
Tweet
Embed
Score 0/58 Timer 12:00
0 Plays Today
Clubs (goals) Player % Correct
6 (42)Zlatan Ibrahimovic
96.1%
3 (50)Thierry Henry
90.4%
4 (30)Samuel Eto'o
85.7%
3 (56)Ruud van Nistelrooy
85.2%
3 (44)Didier Drogba
84.8%
3 (47)Andriy Shevchenko
83%
4 (24)Arjen Robben
81.3%
5 (24)Hernan Crespo
79.1%
4 (31)Fernando Morientes
76.5%
3 (22)Luis Figo
71.7%
4 (20)Nicolas Anelka
70.4%
3 (16)Michael Ballack
70%
3 (22)Rivaldo
65.2%
3 (18)Cesc Fabregas
61.3%
3 (11)Michael Owen
61.3%
3 (12)Wesley Sneijder
60.9%
3 (13)Dimitar Berbatov
56.1%
3 (7)Henrik Larsson
55.2%
4 (8)Mario Balotelli
54.8%
3 (14)Robert Pires
53.9%
3 (9)Marc Overmars
53.5%
3 (11)Tomas Rosicky
50.9%
3 (9)Rafael van der Vaart
50.4%
3 (6)Diego Forlan
47%
3 (13)Sylvain Wiltord
45.7%
3 (4)Xabi Alonso
44.8%
3 (9)Ludovic Giuly
40.9%
3 (18)John Carew
40%
4 (18)Javer Saviola
36.5%
Clubs (goals) Player % Correct
3 (6)Adrian Mutu
34.3%
3 (3)William Gallas
34.3%
3 (11)Emmanuel Adebayor
30.4%
3 (3)Edgar Davids
30%
3 (6)Mark van Bommel
26.5%
3 (8)Alex
26.1%
3 (21)Marco Simone
25.2%
3 (4)Julio Baptista
22.6%
3 (6)Lucio
22.2%
3 (6)Diego
20.9%
3 (6)Yoan Gourcuff
20.4%
3 (5)Thiago Motta
20%
3 (11)Christian Panucci
19.6%
3 (8)Emerson
17.8%
3 (5)Joao Moutinho
17.8%
3 (6)Markus Rosenberg
17%
3 (8)Fabrizio Ravanelli
15.7%
3 (9)Alen Boksic
14.8%
3 (6)Diego Simeone
14.8%
3 (6)Darko Kovacevic
14.3%
3 (7)Adrian Ilie
12.6%
3 (5)Ze Roberto
12.2%
3 (5)Torsten Frings
12.2%
3 (5)Maicon
11.7%
3 (4)Sebastien Squillaci
11.7%
3 (11)Zlatko Zahovic
10%
3 (7)Alejandro Dominguez
6.1%
3 (7)Steve Marlet
5.7%
3 (3)Hans-Jorg Butt
5.2%

You're not logged in!

Compare scores with friends on all Sporcle quizzes.
OR
Log In

You Might Also Like...

Show Comments

Extras

Top Quizzes Today


Score Distribution

Your Account Isn't Verified!

In order to create a playlist on Sporcle, you need to verify the email address you used during registration. Go to your Sporcle Settings to finish the process.

Report this User

Report this user for behavior that violates our Community Guidelines.

Details: